000 00499nam a2200181Ia 4500
003 GCL
008 140319s9999 xx 000 0 ara d
040 _aGCL /
_cGCL
082 0 4 _a362.042
_bس ظ
100 1 _aسعد المغربى
245 1 0 _aظاهرة تعاطى الحشيش : دراسة نفسية اجتماعية /
_cسعد المغربى
300 _a520 ص
490 _a
650 0 4 _aعلم النفس
650 0 4 _aالمخدرات
650 0 4 _aالحشيش
942 _2ddc
_cBK
999 _c44260
_d44260